| 000 | nkm a22 a 4500 | ||
|---|---|---|---|
| 999 |
_c388279 _d388279 |
||
| 003 | BLK | ||
| 005 | 20230407095535.0 | ||
| 008 | 200924b bu ||||| |||| 00| 0 bu d | ||
| 040 | _aBLK | ||
| 041 |
_aBUL _cBUL |
||
| 080 |
_aИстория на България _b94(497.2) _z94(497.2)(084) |
||
| 080 |
_aМанастирски сгради. Религиозни домове _b726.7 _z726.7(497.2)(084) |
||
| 100 |
_aМарди-Бабикова, Велда _eавт. _9389356 |
||
| 139 |
_aМарди-Бабикова, Велда _bМ 29 |
||
| 245 |
_aАрбанашките църкви _b[Изобразителен материал] : [Албум] _cавт. В. Марди-Бабикова. |
||
| 257 | _aBGR | ||
| 260 |
_9210539 _bСептември _c1978 _n954-406- |
||
| 300 |
_a84 с. _bс цв. ил. _c19х20 см |
||
| 380 | _a9 | ||
| 501 | _aИзд. на Комитет за култура-Национален институт за паметниците на културата ОНС- Окръжен съвет за култура -Велико Търново. | ||
| 650 | 0 |
_aМанастири, български _9161121 |
|
| 651 | 7 |
_9178699 _aВеликотърновско |
|
| 852 |
_bЦб _aЦб І 39923 |
||
| 942 |
_cGRA _n0 _s1 |
||
| 944 |
_aCR _c2020-09-24 _kК.Д. |
||